000 00600cam a2200145 4500500
005 20260208010539.0
041 _afre
042 _adc
100 1 0 _aGabaude, Jean-Marc
_eauthor
245 0 0 _aJean-René Vernes, L’existence du monde extérieur et l’erreur du rationalisme, Québec, Les Presses de l’Université Laval, 1999, 104 p.
260 _c2005.
500 _a10
786 0 _nRevue philosophique de la France et de l'étranger | 130 | 1 | 2005-03-01 | p. 77p-130p | 0035-3833
856 4 1 _uhttps://shs.cairn.info/revue-philosophique-2005-1-page-77p?lang=fr&redirect-ssocas=7080
999 _c1657054
_d1657054